[Event "Beersheba 16th"]
[Site "Beersheba"]
[Date "1997.03.05"]
[Round "9"]
[White "Rozentalis, Eduardas"]
[Black "Tyomkin, Dimitri"]
[Result "1-0"]
[WhiteElo "2650"]
[BlackElo "2450"]
[Annotator "Tyomkin,D"]
[PlyCount "45"]
[EventDate "1997.02.24"]
[EventType "tourn"]
[EventRounds "11"]
[EventCountry "ISR"]
[EventCategory "12"]
[SourceTitle "CBM 058"]
[Source "ChessBase"]
[SourceDate "1997.06.01"]
[SourceVersion "1"]
[SourceVersionDate "1997.06.01"]
[SourceQuality "1"]

1. e4 {Horvath,T HarZvi,R} c5 2. Nf3 d6 3. d4 cxd4 4. Qxd4 a6 5. Bg5 (5. Be3 {
HarZvi} f6 (5... Nf6 6. Nc3 Nbd7 7. O-O-O e5 8. Qa4 Be7 (8... Rb8 9. Qb3 Be7
10. Bc4 O-O 11. Bd5 Ng4 12. Ba7 Ra8 13. h3 Rxa7 14. hxg4 Nc5 15. Qa3 Bxg4 $17 {
Andres,M-Novikov,I Sagua la Granda 1987}) 9. Bc4 O-O 10. Ng5 $36 {Polgar,
J-Hamdouchi,H Moscow olm 1994}) (5... Nc6 6. Qd2 (6. Qb6 Qxb6 7. Bxb6 g6 (7...
Nf6 8. Nc3 Bg4 9. Nd2 g6 10. f4 Be6 11. Bc4 Nd7 12. Be3 Bg7 13. Bb3 Rc8 $13 {
Galdunts,S-Lerner,K Gelsenkirchen 1995 64/(198)}) 8. Nc3 Bh6 (8... Bg7 9. Nd5
Kf8 10. O-O-O Nf6 11. Bd3 Bg4 12. Rhe1 Rc8 $13 {Swidler,P-Kharalov,A Gausdal
1991}) 9. Nd5 Kf8 10. Be2 Kg7 11. O-O Nf6 12. Nxf6 Kxf6 13. Nd4 Bf4 $1 {
[%cal Gf4e5]} 14. c3 Kg7 15. a4 h5 16. Nxc6 bxc6 17. b4 Bg4 $11 {/=/+
Yandemirov,V-Atalik,S Ahens 1993 60/(203)}) 6... Nf6 7. Nc3 e6 (7... b5 8. Bd3
e6 9. O-O Be7 10. h3 O-O 11. Nd4 Nxd4 12. Bxd4 Bb7 13. a3 e5 14. Be3 d5 $13 {
Antonio,R-Gausel,E Moscow olm 1994}) 8. O-O-O b5 $6 9. e5 $1 dxe5 10. Qxd8+
Nxd8 11. Nxb5 axb5 12. Bxb5+ Bd7 13. Rxd7 Nxd7 14. Rd1 Ra5 15. Bxd7+ Ke7 16.
Bb6 Rd5 17. Rxd5 exd5 18. Nxe5 $14 {Yermolinsky,A-Shabalov,A USA (ch) 1993}))
5... Nc6 6. Qd2 h6 (6... Nf6 {HarZvi} 7. Bd3 e6 8. c4 Be7 (8... h6 9. Bf4 d5
10. exd5 exd5 11. O-O Be7 12. Nc3 Bg4 $2 (12... dxc4 13. Bxc4 Qxd2 14. Nxd2 O-O
15. Nde4 $14) (12... Be6 13. cxd5 Nxd5 14. Be4 $14) 13. cxd5 Bxf3 14. dxc6 Bxc6
15. Rad1 $16 {Kamsky,G-Lautier,J Dortmund 1993 57/193 [Kamsky,G]}) 9. Nc3 b6
10. O-O Bb7 11. Rac1 h6 12. Bh4 g5 13. Bg3 Nh5 $36 {Grosar,A-Ehlvest,J Moscow
olm 1994}) 7. Bh4 g5 8. Bg3 Bg7 9. Nc3 Nf6 (9... Be6 {After this move as you
can see later, black can think about advantage already in the opening.} 10. Bd3
(10. Be2 $6 Rc8 11. h4 $2 (11. O-O Qa5 {Black has great position} (11... Nf6
12. e5 dxe5 13. Qxd8+ Rxd8 14. Nxe5 Nxe5 15. Bxe5 O-O $11 (15... Bf5 16. Bf3)))
11... g4 12. Nh2 Qb6 $1 $17 13. O-O (13. Rb1 $2 Bxc3 14. Qxc3 Nd4 {[%csl Rc2]})
(13. Nd1 Nf6 $17) 13... Qxb2 14. Nd5 Qd4 15. Bd3 Nf6 16. Rab1 $4 (16. Nxf6+
$142 Qxf6 17. Rab1 Rc7 18. f3 $17) 16... Nxe4 {0-1 Kiselev,M-Rashkovsky,N/St.
Petersburg op 1994}) 10... Nf6 11. O-O Nh5 12. Nd5 f5 13. h3 f4 $15 {
Rozentalis,E-Ward,C/Copenhagen PC 1996 (39)/1-0} (13... f4 {HarZvi} 14. Bh2 O-O
15. c3 Nf6 16. Bc2 Nd7 $15 {/-/+ Rozentalis,E-Ward,C Copenhagen 1996})) (9...
Bg4 10. Be2 Rc8 11. O-O Bxf3 12. Bxf3 Qa5 13. e5 Nxe5 14. Bxb7 Rc7 15. Bd5 Nf6
16. Bxe5 dxe5 17. Bb3 O-O 18. Qe2 Rd8 19. Rfe1 e6 20. Rad1 Rd4 21. Nb1 Rcd7 22.
c3 Rxd1 23. Rxd1 Rxd1+ 24. Qxd1 e4 25. Nd2 Qb5 26. Qf1 Qb7 27. Qe2 Bf8 28. Qc4
Qd5 29. Nf1 Qb7 30. Nd2 Qd5 31. Nf1 Qb7 32. Nd2 {1/2-1/2 Priehoda,V-Robatsch,K/
Stary Smokovec 1987}) 10. O-O-O (10. Bd3 $6 Nh5 11. Be2 {Is it normal to play
twice with a piece in the opening?!} Be6 12. Nd5 Rc8 13. c3 Qa5 14. O-O Nf6 15.
Nxf6+ Bxf6 16. Rfd1 g4 17. Ne1 (17. Nd4 Nxd4 18. cxd4 Qxd2 19. Rxd2 Bg5 20.
Rdd1 h5 (20... Rc2 21. Bd3 Rxb2 22. Rab1 Rxa2 23. Rxb7 O-O $17) 21. f4 h4 22.
fxg5 hxg3 23. hxg3 Rc2 $17) 17... h5 18. Nc2 Bg5 19. Bf4 Bxf4 20. Qxf4 Qe5 $10
{Galdunts-Serper, St.Petersburg 1993}) 10... Nh5 $1 $146 {We found this move
in the preparation to this game together with my trainer A.Huzman. This move
prevents black from pushing e4-e5 and getting conviniant ending. We found this
move in the preparation to this game together with my trainer A.Huzman. This
move prevents black from pushing e4-e5 and getting conviniant ending.} (10...
Be6 {Tyomkin,D} 11. e5 dxe5 12. Nxe5 Qxd2+ 13. Rxd2 Nxe5 14. Bxe5 O-O 15. Be2
Rfd8 16. Rhd1 (16. Rxd8+ Rxd8 17. Bf3 $14 (17. Rd1 Rxd1+ 18. Kxd1 $14)) 16...
Rxd2 17. Rxd2 Ne4 18. Bxg7 Nxd2 19. Bxh6 Nc4 20. Bxg5 $14 {Rozentalis,
E-Ftacnik Lubomir/Bundesliga 1995 (46)/1/2-1/2}) 11. Nd5 Be6 12. Kb1 Rc8 13. c3
f5 $4 (13... O-O $142 14. Be2 (14. Bc4 Na5) (14. Bd3 f5 {Now it works
succesfully}) 14... b5 (14... Na5 {Horvath,T} 15. Nxg5 Nxg3 16. Nxe6 fxe6 17.
hxg3 exd5 (17... Rxf2 $1) 18. Qxd5+ {Der weiße Angriff sieht gefährlich aus
nach:} Kh8 19. Qg5 $1 Rf7 $1 (19... Rf6 20. e5) 20. Bg4 $36) (14... Nf6 15.
Nxf6+ Bxf6 16. h4 g4 17. Nd4 Nxd4 18. cxd4 Bg7 19. f3 d5 $1 $132) 15. Nxg5 Nxg3
16. hxg3 hxg5 17. Qxg5 Bxd5 18. exd5 Ne5 19. Rh3 $44) (13... Nf6 $5 14. Qe1 $1
(14. Qe3 Ng4 (14... Qa5 15. Bc4) 15. Qe1 Nge5 16. Nxe5 Nxe5 $11) 14... Qa5 15.
Bc4 Ng4 16. h4 Nge5 17. Nxe5 $14) 14. exf5 Bxf5+ 15. Bd3 O-O $6 (15... Bxd3+
16. Qxd3 O-O 17. Qe4 {The threat is h4. It is important not allowing black to
play g4 after h4 by white.} (17. Qe2 e5 $16) (17. Qg6 Qe8) 17... Qe8 18. Rhe1 {
Again after h4 immediately there maybe some complications after e6 and maybe
knight back to f6 or d5, but this move just prevents e6 from black.} e5 19. h4
$16 (19. h4 {HarZvi} Nxg3 20. fxg3 gxh4 21. Nxh4 Qe6 22. g4 {and white is
about winning})) 16. Bxf5 Rxf5 17. Qe2 $1 {[%csl Re6,Rg8][%cal Ge2e6,Ge2h5] +/
-/+-} Kh8 (17... e5 {HarZvi} 18. Ne3 Nxg3 (18... Rf7 19. Bxe5 $1 $18 {just
winning a pawn}) 19. hxg3 Rf6 (19... Rf7 20. Ng4 {and the h6 pawn is lost}) 20.
Qc4+ Kf8 21. Qd3 $16) 18. Rhe1 Nxg3 (18... Rf7 $2 {HarZvi} 19. Nxg5 $18) (18...
Bf8 {HarZvi} 19. Qe6 {[%csl Rf5]} Ng7 20. Qxh6+) 19. hxg3 Rf7 (19... Ne5 {
HarZvi} 20. Nd4) 20. Qe6 Qf8 {The only move for black was 20...Qg8. Of course
white is better, but I could not find a win.} (20... Qg8 {HarZvi} 21. Re4 $5
Re8 22. Rh1 Rff8 23. Nc7 Rc8 24. Nxg5 Qxe6 25. Ncxe6 Rxf2 26. Nf4 Kg8 27. Ngh3
Rd2 28. Kc1 Bxc3 29. bxc3 Rxa2 30. Kb1 $16 {is just one possible line}) 21. Rh1
{now black is completely hopeless against white's attack} Kg8 22. Qg6 Ne5 23.
Nxe5 (23. Nxe5 {Horvath,T: Schwarz verliert Haus und Hof.} dxe5 24. Rxh6 Rxf2
25. Qe6+ Rf7 26. Nxe7+) 1-0

[Event "Dallas UT Fall op"]
[Site "Dallas"]
[Date "2016.11.20"]
[Round "5"]
[White "Vazquez, Guillermo"]
[Black "Arribas Lopez, Angel"]
[Result "1-0"]
[WhiteElo "2414"]
[BlackElo "2521"]
[Annotator "Vazquez,G"]
[PlyCount "73"]
[EventDate "2016.11.18"]
[EventType "swiss"]
[EventRounds "9"]
[EventCountry "USA"]
[SourceTitle "CBM 176"]
[Source "ChessBase"]
[SourceDate "2017.01.17"]
[SourceVersion "1"]
[SourceVersionDate "2017.01.17"]
[SourceQuality "1"]

1. e4 c5 2. Nf3 d6 3. d4 cxd4 4. Qxd4 Nc6 5. Bb5 Bg4 {A rare but playable move.
} (5... Bd7 {is by far the most common move.}) 6. Qd3 Qc8 {This move came as a
surprise for me. Usually Black waits for White to attack the knight on c6 with
Nf3-d4 before committing to moves as ...Qc8. I thought that the idea was to
play g7-g6 without playing ...Nf6 first.} 7. O-O {I considered this to be the
most flexible choice, although moves like Nc3 are also possible} Bxf3 {Again
another surprise. I did not expect Black to give up this bishop without being
provoked with h2-h3 first. I think that Black does to want to allow White to
recapture with a knight after Nbd2 and h2-h3.} (7... g6) 8. Qxf3 g6 (8... a6 {
is more accurate, to force White to decide what to do with the bishop.}) 9. Rd1
{I played this move to have the option to play Bb5-f1 after Black plays a7-a6.}
(9. Nc3 {seems to be better, immediately heading for d5.}) 9... Bg7 10. Nc3 a6
(10... Nf6 11. Nd5 {and it is difficult to make a move with Black. The engines
suggest} Kf8 {which is an indication something went wrong.}) 11. Bf1 (11. Ba4 {
is an option, but playing this would be admitting the move Rd1 was a useless
one.}) 11... Nb4 $6 {This move is not threatening to take the pawn on c2,
which would give White a big initiative.} ({After} 11... Nf6 {I was planning}
12. Nd5 Nxd5 (12... Rb8 13. c3 $14) 13. exd5 Nd4 14. Qe4 $36 {and White has a
dangerous initiative, for example} Nxc2 15. Rb1 f5 $8 16. Qd3 (16. Qe2 Nd4 17.
Qe3 Nb5 18. Qb6 Kf7 $13) (16. Qh4 $5) 16... Nb4 17. Qa3 a5 18. Bg5) 12. Bf4 (
12. Bg5 $1 {provoking h6 is good for White and from g5 the bishop can put
pressure on e7 or f6 (after Nf6).}) 12... Bxc3 $2 {This is the idea of the
previous move. Black ruins White's pawn structure but now Black's king will be
permanently weak and Black is behind in development.} (12... Nf6 13. a3 $14) (
12... Nxc2 $2 13. Rac1 Nd4 14. Rxd4 Bxd4 15. Ne2 (15. Nd5 $18) 15... Qd8 16.
Nxd4 e5 17. Be3 exd4 18. Bxd4 f6 19. Qb3 $18) 13. bxc3 {Of course, White does
not exchange queens.} Nc6 14. Bc4 $16 {Now Black has problems defending f7.}
Nd8 (14... Nf6 15. Bxd6 {just wins a pawn.}) 15. Bb3 Qc7 16. Rd3 (16. Rab1 $1 {
was better and it would have given White an almost decisive advantage, making
it difficult for Black to play ...Ne6 because it would leave the b7-pawn more
vulnerable and he would have to worry about the break e4-e5.} Rc8 (16... Ne6
17. e5 $18) 17. Rd3) 16... Ne6 {During the game I did not want to exchange the
bishop, because it prevents ...Nf6 due to Bxd6 threats.} 17. Bg3 (17. g4 $5 {
is an interesting try to stop ...Nf6.}) 17... Nh6 18. Re1 $6 (18. e5 $1 Nf5 (
18... dxe5 $2 19. Re1 $18) 19. Ba4+ Kf8 20. Bb3 $16 {and} Kg7 $6 {loses a pawn
after} 21. exd6 exd6 22. Bxe6 fxe6 23. Rxd6 Nxg3 (23... Nxd6 $2 24. Be5+ Kg8
25. Qf6 $18) 24. Qxg3 $16) 18... O-O 19. e5 $2 {This move just allows the
knight on h6 to enter the game.} Nf5 20. exd6 exd6 21. Bd5 $6 {And after this
move Black even gets some initiative.} (21. Rxd6 $2 {was my idea but I missed
a simple defence based on a back rank mate} Nxd6 22. Rxe6 Rae8 $1 $19 (22...
fxe6 23. Bxe6+ Rf7 24. Bxd6 Re8 $1 $11) 23. Bxd6 Rxe6) (21. Qd1 {was the
chance to play for an advantage} Nxg3 22. hxg3 {and both sides have weaknesses,
but Black's king is potentially more exposed and the bishop is better than the
knight.}) 21... Rae8 $1 {Creating tricks with the hanging rook on e1 and the
back rank mate.} 22. Rdd1 Qa5 {Creating the threat of ...Ned4.} ({I expected} 
22... Re7 {and Black has no problems at all after playing Rf8-c8 next.}) 23.
Qd3 (23. Z0 Ned4 24. Qd3 Qxd5 25. cxd4 Rxe1+ 26. Rxe1 Qxa2 $17) (23. Bxb7 {
is possible, but I still considered I had more chances for an advantage after
the text} Qxa2 24. Ra1 Nc5 25. Rec1 Qb2 26. Bc6 Rc8 $13) 23... Rc8 $2 ({
Again, I expected} 23... Re7 {with the idea} 24. Bxd6 Nxd6 25. Bxe6 Rfe8 $1 (
25... Rxe6 26. Rxe6 fxe6 27. Qxd6 Qxa2 28. h4 {is a risk free position for
White, because his king is safer, but it is probably still a draw with correct
play}) 26. Qxd6 Rxe6 27. Rxe6 Rxe6 28. Qb8+ Kg7 29. Qxb7 Qxc3 30. g3 Qxc2 $11)
24. c4 $2 {Missing a chance to get an endgame with an extra pawn.} (24. Rxe6 $1
{is winning, but I missed that after} Rxc3 (24... fxe6 25. Bxe6+ {and Black is
just a pawn down}) 25. Qe4 fxe6 26. Qxe6+ Kg7 27. Qd7+ Kh8 {I could play} 28.
Qxd6 $1 {and the queen is untouchable due to Be5#} (28. Bxd6 $2 Nxd6 29. Qxd6
Qd8 $17) 28... Qc5 $8 (28... Nxd6 29. Be5+ {and checkmate}) 29. Be5+ Ng7 30.
Qxc5 Rxc5 31. Bd6 Rxd5 32. Rxd5 Rd8 33. c4 {and the endgame with an extra pawn
and a good bishop should be winning.}) 24... Nc5 25. Qd2 Qxa2 $2 {Black gets
overly ambitious and underestimates White's chances on the kingside.} (25...
Qxd2 $142 26. Rxd2 Nxg3 27. hxg3 Rfe8 {is about equal.}) 26. Bf4 $1 $40 {
This is the only move that gives White an advantage. There will be too many
pieces attacking Black's king and this will be combined with the threats of
trapping the misplaced queen on a2. Here, I already did not see a defence for
Black and the engines claim White is winning. The immediate threat is g2-g4
and Bxd6.} Rfe8 (26... Qa3 27. g4 Ng7 (27... Nh4 28. Re3 {loses the knight
after Bg5 next move}) 28. Bxd6 $18) (26... h5 27. Qc3 {and Qf6 is unstopable,
with a winning attack.}) 27. Qc3 (27. g4 {might even be stronger, because
Black cannot play} Ne7 (27... Ng7 28. Bxd6 {requires no calculation}) 28. Bh6
Nxd5 29. Qd4 $1 {this is the intermediate move I missed} Re5 30. Rxe5 dxe5 31.
Qxe5 Ne6 32. cxd5 $18) 27... Ne6 (27... Ne7 28. Bh6 Nf5 29. Bd2 $18 {and Black
cannot stop both threats of Ra1 and Qf6-Bc3.}) (27... Qa4 28. g4 Ne6 29. Bc1
Nfg7 30. Bb2 $18) 28. Bc1 (28. Qf6 $1) 28... Ned4 29. Bb2 {Threatening g4+-.
White will be winning after solving the potential back rank problems and the
potential ...Ne2+.} h5 30. h3 {Solving the back rank problem and renewing the
threat of g4.} (30. Rxe8+ Rxe8 31. Kf1 $3 $18 {is a very good resource that
solves both White's problems at once and wins on the spot, there is no defence
against both threats: Ra1 and Rxd4.}) 30... Rxe1+ 31. Rxe1 h4 32. g4 hxg3 33.
fxg3 $18 {Black has run out of tricks and there is no defence against g4 now.}
b5 34. g4 b4 35. Qxb4 Nxc2 36. Qb7 Rf8 37. Qxf7+ (37. Qxf7+ Rxf7 38. Re8+ Kh7
39. Rh8#) 1-0

[Event "EU-chT (Men) 19th"]
[Site "Warsaw"]
[Date "2013.11.09"]
[Round "2.2"]
[White "Stevic, Hrvoje"]
[Black "Volokitin, Andrei"]
[Result "0-1"]
[WhiteElo "2611"]
[BlackElo "2682"]
[Annotator "Volokitin,A"]
[PlyCount "86"]
[EventDate "2013.11.08"]
[EventType "team-swiss"]
[EventRounds "9"]
[EventCountry "POL"]
[SourceTitle "CBM 158"]
[Source "ChessBase"]
[SourceDate "2014.01.16"]
[SourceVersion "1"]
[SourceVersionDate "2014.01.16"]
[SourceQuality "1"]
[WhiteTeam "Croatia"]
[BlackTeam "Ukraine"]
[WhiteTeamCountry "CRO"]
[BlackTeamCountry "UKR"]

1. e4 c5 2. Nf3 d6 3. d4 cxd4 4. Qxd4 Nc6 5. Bb5 Bd7 6. Qd3 Nf6 7. c4 g6 8. Nc3
Bg7 9. h3 $6 {Ich bin verwundert, wie oft die Leute diesen Zug machen.} ({
Natürlich ganz normal ist die Rochade -} 9. O-O O-O {und nur jetzt -} 10. h3 a6
({Hier geht die Idee mit ...Bxc3 nicht:} 10... Nb4 11. Qe2 a6 12. Bxd7 Nxd7 13.
Bd2 $1 {und Schwarz hat kein Schach auf c2}) 11. Bxc6 Bxc6 12. Nd4 {mit
typischer Maroczy-Struktur. Zum Beispiel in der Partie Zvjaginsev-Areshchenko,
2012 St Petersburg.}) 9... Nb4 $1 {Das war keine Vorbereitung. Ich habe diese
schöne Idee während der Partie gefunden.} 10. Qe2 a6 11. Bxd7+ Nxd7 12. O-O
Bxc3 $1 {Eine typische Idee in solchen Stellungen. Auch ist es ein großes Plus,
dass Weiß kein Läuferpaar hat. Aus strategischen Gründen steht Weiß sehr
gefährdet. Die c-Bauern sind sehr schwach. Weiß muss dynamisches Spiel suchen.}
13. bxc3 Nc6 14. Rb1 Qc7 15. Bh6 $1 {Weiß muss die kurze Rochade verhindern.}
Rc8 $1 {Ich habe hier lange nachgedacht und gewählt zwischen ...Rc8 und ...f6.
Beide Züge haben Vor- und Nachteile.} ({Nach} 15... f6 {schwächt Schwarz den
Punkt e6 und Weiß kann sofort mit aktivem Spiel anfangen:} 16. Nd4 $1 Nd8 ({
Nach} 16... Kf7 17. f4 $1 {kann Weiß schon angreifen. Es gibt viele Ideen, c5,
e5, f5. Zum Beispiel} Rac8 18. c5 $5 Nxc5 $8 19. Qc4+ Ke8 $8 20. e5 dxe5 ({Oder
} 20... b5 21. Qd5 dxe5 22. Nxb5 $1 axb5 23. Qxc5 exf4 24. Qxb5 $1 {mit gutem
Gegenspiel}) 21. Qxc5 exd4 22. Rfe1 $132 {mit der Idee Bg7, Bxf6; Weiß hat
gutes Gegenspiel.}) 17. Nc2 $1 {Dieses Manöver hat mir während der Partie
nicht gefallen. Der Springer wird nach d5 gehen.} Rc8 18. Ne3 Qc6 19. Nd5 Qxc4
20. Qg4 $44 {Diese Varianten zeigen, dass ich intuitiv die richtige Wahl
getroffen habe.}) 16. Nd2 ({Der Nachteil von 15...Rc8 ist mit dem Manöver} 16.
Bg7 Rg8 17. Bd4 {verbunden. Der Läufer kontrolliert auf d4 viele Felder, aber
Weiß hat kein aktives Spiel am Königsflügel, das ist wichtiger:} f6 18. Nd2
Nce5 $1 19. Qe3 ({Nach} 19. f4 Nxc4 20. Nxc4 Qxc4 21. Qxc4 Rxc4 22. Rxb7 e5 $1
23. fxe5 fxe5 24. Be3 g5 $1 $15 {hat Weiß ein sehr unangenehmes Endspiel.})
19... g5 $1 20. Rb2 b6 21. Bxb6 Nxb6 22. Rxb6 Nxc4 23. Nxc4 Qxc4 $15 {Schwarz
steht immer etwas besser und spielt ohne Risiko auf Sieg.}) 16... f6 17. Be3
Nce5 $1 {Stärker als} (17... Kf7 18. f4 $1) 18. Rb2 ({Nach} 18. Rb4 a5 $1 19.
Rb5 ({Nach} 19. Ra4 {steht der Turm sehr komisch.} b6 20. Rb1 O-O 21. Rb5 Nc5 {
mit klarem Vorteil für Schwarz.}) 19... Nxc4 20. Nxc4 Qxc4 21. Qxc4 Rxc4 22.
Rxb7 Rxe4 23. Rfb1 Rg8 $15 {mit unangenehmem Endspiel für Weiß.}) 18... b6 $1
$17 19. c5 Nxc5 20. Bxc5 Qxc5 21. Qxa6 {Schwarz bekommt eine Traumstellung.
Aber hier habe ich einen Fehler gemacht.} Nd7 $6 ({Nach} 21... Kf7 $1 {habe
ich gerechnet} 22. Qxb6 Qxb6 23. Rxb6 Rxc3 24. Ra1 Rhc8 $1 25. Nb3 {und dachte,
dass Weiß ein Gegenspiel mit dem a-Bauern hat, aber nach} R8c4 26. a4 Rxe4 27.
a5 Rcc4 $1 {muss Schwarz allmählich gewinnen.}) 22. Rc1 {Die Stellung bleibt
immer etwas besser, ist aber nicht einfach zu gewinnen.} Kf7 23. Qe2 Rc7 24.
Rb5 Qa3 25. Nb3 Rhc8 26. Qd2 {Hier war mein Gegner in Zeitnot.} Rc4 ({Stärker
war} 26... Qa6 $1 27. Rb4 Ne5 28. Qh6 Rh8 $1 29. Qe3 Qd3 30. Qe1 Ra8 $17) 27.
Rb4 Qa8 28. f3 Ne5 29. Kh2 Qc6 $2 {Ich hatte in diesem Moment auch knappe Zeit,
deswegen ist die Qualität der Züge gesunken.} ({Stärker war} 29... g5 $15 {
- Prophylaxe gegen Qh6.}) 30. Nd4 $2 ({Mein Gegner hatte hier eine schöne
taktische Kombination und konnte Remis halten:} 30. Qh6 $1 Kg8 31. Nd4 $1 Qc5
32. Rb5 $1 Qa3 33. Ne6 Kf7 34. Nf4 $1 Qxc1 35. Qxh7+ Ke8 36. Nd5 $1 Nxf3+ 37.
gxf3 Qd2+ 38. Kg1 Qe1+ $11) 30... Qc5 ({Stärker} 30... Qc7 $15) 31. Rb5 $2 {
Ein Zeitnotfehler. Jetzt hat Schwarz eine schöne Kombination.} (31. Nb3 $1 $11)
31... Nxf3+ 32. gxf3 Rxd4 33. cxd4 Qxc1 34. Qxc1 Rxc1 35. Rxb6 {Wir haben also
ein Turmendspiel bekommen. Ich dachte, dass die Stellung gewonnen ist. Der
Plan des Schwarzen ist, den d-Bauern zu gewinnen, dazu muss Schwarz den Zug ...
f5 machen. Weiß hat nur ein einziges Gegenspiel - Rb8 und die schwarzen Bauern
angreifen.} Rc2+ $2 {Ein wichtiger Tempoverlust. Schwarz muss sofort seinen
Plan durchführen - mit} (35... Rc4 $3 {- der einzige Weg zum Sieg.} 36. d5 ({
Der a-Bauer spielt keine Rolle - zum Beispiel} 36. Ra6 Rxd4 37. Kg3 (37. a4 h5
38. h4 (38. Kg3 f5 39. exf5 h4+ 40. Kf2 gxf5 $19) 38... d5 $1 39. exd5 Rxh4+
40. Kg2 Rd4 $19) 37... h5 38. h4 f5 39. exf5 gxf5 40. Ra8 e5 41. Rh8 Rd3 42.
Rxh5 Kg6 43. Rg5+ Kf6 44. a4 (44. Kg2 Rd2+ 45. Kf1 d5 46. Rg8 e4 $19) 44... e4
45. Kg2 Rd2+ $1 (45... Rxf3 $4 46. Rg3 Rf4 47. a5 Rxh4 48. Rh3 Rf4 49. Re3 $11)
46. Kf1 d5 $19) 36... f5 $1 37. exf5 gxf5 38. Rb8 (38. Kg3 Rc5 39. Rb8 Rxd5 40.
Rh8 Kg7 41. Re8 e5 42. Re6 Rd3 43. Kg2 Kf7 44. Rh6 d5 45. a4 Ra3 46. Rxh7+ Kf6
47. h4 e4 48. fxe4 dxe4 $19) 38... h5 $1 39. Rh8 h4 40. Rh6 Rd4 41. Kg2 Rd2+ $1
42. Kf1 (42. Kg1 Rxa2 43. Rxh4 Rd2 44. Rh7+ Kf6 45. h4 Rxd5 $19) 42... Rxa2 43.
Rxh4 Rd2 44. Rh7+ Kf6 45. h4 Rxd5 {Schwarz gewinnt hier wegen der schlechten
Stellung der weißen Figuren.} 46. Kg2 e5 47. Rh6+ Kg7 48. Rh5 Rd2+ 49. Kg1 Rd1+
50. Kg2 e4 51. fxe4 fxe4 52. Rg5+ Kf6 53. Rg8 Rd5 54. Kg3 Rh5 55. Kg4 Rh7 $19)
36. Kg3 Rxa2 ({Jetzt ist es zu spät für Rd2:} 36... Rd2 37. d5 f5 38. a4 $1
fxe4 39. fxe4 Rd3+ 40. Kg2 Ra3 41. Rb4 {Weiß sollte diese Stellung ohne
Probleme halten.}) 37. Rb8 $1 {Weiß hält das Remis in allen Varianten.} Rd2 ({
Oder} 37... d5 $5 38. exd5 $1 Ra4 39. Rh8 $1 h5 40. h4 Rxd4 41. Rd8 g5 42. hxg5
fxg5 43. Rh8 h4+ 44. Kh3 Rxd5 45. Kg4 e6 {Eine unglaubliche Position, Schwarz
hat zwei Bauern mehr, aber sowieso ist es remis.} 46. Ra8 Rf5 47. Rb8 Kf6 48.
Rf8+ Ke5 49. Ra8 h3 50. Kxh3 Rxf3+ 51. Kg4 $11) 38. d5 $2 ({Viel einfacher war
} 38. Rh8 $1 h5 (38... Rxd4 39. Rxh7+ Kf8 40. h4 d5 41. Rh8+ Kg7 42. Rd8 e6 43.
exd5 Rxd5 44. Re8 $15) 39. Rh7+ Kf8 40. d5 Rb2 41. h4 Rb7 42. Rh8+ Kg7 43. Rc8
Rb5 44. Kf4 Rb4 45. Kg3 f5 46. exf5 gxf5 47. Re8 Kf7 48. Rh8 Kg6 49. Rg8+ Kf6
50. Rh8 Rb5 51. Rh6+ Kg7 52. Rxh5 Rxd5 53. Rg5+ Kf6 54. Rg8 Rd1 55. Kg2 $15)
38... f5 39. Rh8 h5 40. Kf4 $4 {Ein grober Fehler.} ({Weiß konnte noch Remis
halten nach} 40. exf5 $1 gxf5 41. Rxh5 Kg6 42. Rh8 Rxd5 43. h4 e5 (43... Kg7
44. Re8 e5 45. Re6 Kf7 46. Rh6 Rd3 47. Kg2 e4 48. fxe4 fxe4 49. h5 Rd2+ 50. Kf1
Ke7 51. Rg6 Rh2 52. h6 d5 53. Ra6 $11) 44. Rg8+ Kf7 45. Rg5 Kf6 46. Rg8 Rd1 47.
Kg2 Rd2+ 48. Kg1 e4 (48... Rd4 49. h5 Rh4 50. Rg6+ Ke7 51. h6 d5 52. Ra6 d4 53.
Kf2 $11) 49. fxe4 fxe4 50. h5 Rd5 51. Rg6+ Kf5 52. Rg2 Kf4 53. h6 e3 54. h7 Rh5
55. Rh2 $1 e2 56. Rxe2 $11) 40... fxe4 41. fxe4 Rd3 42. h4 Rh3 43. Kg5 Kg7 0-1